|
|
|
|
| LEADER |
00000naa2a2200000 4500 |
| 001 |
396755 |
| 005 |
20231101064814.0 |
| 035 |
|
|
|a (RuTPU)RU\TPU\prd\35192
|
| 090 |
|
|
|a 396755
|
| 100 |
|
|
|a 20050421a2003 k y0rusy50 ca
|
| 101 |
0 |
|
|a rus
|
| 102 |
|
|
|a RU
|
| 200 |
1 |
|
|a Информационный анализ рисков в инвестиционных проектах
|f Г. Ф. Гордукалова
|
| 225 |
1 |
|
|a Информационный анализ
|
| 320 |
|
|
|a Библиогр.: 5 назв.
|
| 461 |
|
0 |
|0 (RuTPU)RU\TPU\prd\12643
|t Библиотечное дело
|o ежемесячный журнал
|d 2003-
|
| 463 |
|
0 |
|0 (RuTPU)RU\TPU\prd\22225
|t № 12
|v С. 19-22
|d 2003
|
| 610 |
1 |
|
|a инвестиционные проекты
|
| 610 |
1 |
|
|a информационный анализ
|
| 610 |
1 |
|
|a информационные риски
|
| 610 |
1 |
|
|a анализ
|
| 610 |
1 |
|
|a методика
|
| 700 |
|
1 |
|a Гордукалова
|b Г. Ф.
|g Галина Феофановна
|
| 801 |
|
1 |
|a RU
|b 63413507
|c 20050421
|g PSBO
|
| 801 |
|
2 |
|a RU
|b 63413507
|c 20150320
|g PSBO
|
| 942 |
|
|
|c BK
|